000 00352nam a22001697a 4500
003 UA-OsUOA
001 1489
007 ta
008 20050721b un ||||| |||| 00| 0 ukr d
100 _aAnderson
700 _aV. S.
942 _cBK
040 _aUA-OsUOA
_cUA-OsUOA
_dUA-OsUOA
245 _aKing of the Roses
_bFiction
955 _a2
650 7 _2UDC
999 _c287651
_d287651